000 00304 a2200133 4500
003 Nust
005 20170207164544.0
040 _cNust
245 _aDigital systems design
_cRamaswami Palaniappan
260 _bVentus publishing
_c2011.
300 _a130p
500 _aE Book
650 _aDigital systems design
942 _2ddc
_cBK
999 _c209243
_d209243